{"text_format":"3","workbook":"xlsx","n_sheets":2,"sheets":["SUMMARY","MATERIAL TAKE-OFF"],"not_rendered":{"charts":1,"images":3,"defined_names":3},"read":"whole","date_system":"1900"}

{"sheet":"SUMMARY","index":0,"n_rows":18,"n_cols":4,"rows_kept":18,"merged":[[12,0,12,1],[13,0,13,3],[17,0,17,1]]}
[]
["Project ID:"]
[]
["Address:"]
[]
["No. of Floors:",2]
[]
["Building GSF",2500]
[]
["DIVISION NO.","DESCRIPTION","TOTAL DIV. COST","TOTAL DIV. COST (PER SF)"]
[1000,"General Requirements",{"$f":"'MATERIAL TAKE-OFF'!P19","v":{"v":14781.078432735549,"d":"$14,781"}},{"$f":"C11/$B$8","v":{"v":5.912431373094219,"d":"$5.91"}}]
[3300,"Utilities",{"$f":"'MATERIAL TAKE-OFF'!P64","v":{"v":124945.71794366481,"d":"$124,946"}},{"$f":"C12/$B$8","v":{"v":49.97828717746592,"d":"$49.98"}}]
["PROJECTED COST",null,{"$f":"SUM(C11:C12)","v":{"v":139726.79637640037,"d":"$139,727"}},{"$f":"SUM(D11:D12)","v":{"v":55.890718550560145,"d":"$56"}}]
[]
["OVERHEAD AND PROFIT",{"v":0.2,"d":"20%"},{"$f":"$C$13*B15","v":{"v":27945.359275280076,"d":"$27,945"}},{"$f":"$D$13*B15","v":{"v":11.17814371011203,"d":"$11"}}]
["INSURANCE",{"v":0.03,"d":"3%"},{"$f":"$C$13*B16","v":{"v":4191.803891292011,"d":"$4,192"}},{"$f":"$D$13*B16","v":{"v":1.6767215565168043,"d":"$2"}}]
["CONTINGENCY",{"v":0.05,"d":"5%"},{"$f":"$C$13*B17","v":{"v":6986.339818820019,"d":"$6,986"}},{"$f":"$D$13*B17","v":{"v":2.7945359275280075,"d":"$3"}}]
["SUGGESTED BASE BID",null,{"$f":"SUM(C13:C17)","v":{"v":178850.29936179245,"d":"$178,850"}},{"$f":"SUM(D13:D17)","v":{"v":71.54011974471699,"d":"$72"}}]

{"sheet":"MATERIAL TAKE-OFF","index":1,"n_rows":82,"n_cols":17,"rows_kept":82,"merged":[[2,10,2,11],[2,12,2,13],[3,10,3,11],[3,12,3,13],[4,10,4,11],[4,12,4,13],[5,10,5,11],[5,12,5,13],[6,10,6,11],[6,12,6,13],[7,10,7,11],[7,12,7,13],[10,1,10,14],[20,1,20,14],[22,1,62,1],[64,0,64,12],[65,0,65,13],[66,0,66,13],[67,0,67,13],[68,0,68,13],[69,0,69,12],[71,1,71,14]]}
[]
[]
["Project: "]
[]
["Address:"]
[]
["Scope:","UTILITIES"]
[]
["Date:"]
["SR #","REF","DESCRIPTION","QUANTITY","UNIT","WASTAGE","QUANTITY W/ WASTAGE","LABOR HOURS","WAGES","TOTAL LABOR  HOUR","TOTAL LABOUR COST","MATERIAL RATE","TOTAL MATETRIAL COST","EQUIPMENT RATE","TOTAL EQUIPMENT COSTS","SUB COST"]
[null,"01. GENERAL REQUIREMENTS"]
[1,null,"Supervision and Coordination",1,"LS",{"v":0,"d":"0%"},{"$f":"(F12*D12)+D12","v":{"v":1,"d":"1.00"}},{"$f":"2.5%*$Q$12/I12","v":{"v":37.11552933212477,"d":"37.116"}},{"v":84.16,"d":"$84.16"},{"$f":"H12*G12","v":{"v":37.11552933212477,"d":"37.12"}},{"$f":"I12*J12","v":{"v":3123.6429485916206,"d":"$3,123.64"}},{"v":0,"d":"$0.00"},{"$f":"L12*G12","v":{"v":0,"d":"$0.00"}},{"v":0,"d":"$0.00"},{"$f":"N12*G12","v":{"v":0,"d":"$0.00"}},{"$f":"IF(D12=\"\",\"\",(K12+M12+O12))","v":{"v":3123.6429485916206,"d":"$3,123.64"}},{"$f":"SUM(P22:P64)/2","v":{"v":124945.71794366481,"d":"$124,945.72"}}]
[{"$f":"A12+1","v":2},null,"Submittals and Shop drawings",1,"LS",{"v":0,"d":"0%"},{"v":1,"d":"1.00"},{"$f":"1.65%*$Q$12/I13","v":{"v":24.49624935920235,"d":"24.496"}},{"v":84.16,"d":"$84.16"},{"v":24.49624935920235,"d":"24.50"},{"v":2061.6043460704695,"d":"$2,061.60"},{"v":0,"d":"$0.00"},{"v":0,"d":"$0.00"},{"v":0,"d":"$0.00"},{"v":0,"d":"$0.00"},{"v":2061.6043460704695,"d":"$2,061.60"}]
[3,null,"Final Cleaning",1,"LS",{"v":0,"d":"0%"},{"v":1,"d":"1.00"},{"$f":"0.85%*$Q$12/I14","v":{"v":12.619279972922422,"d":"12.619"}},{"v":84.16,"d":"$84.16"},{"v":12.619279972922422,"d":"12.62"},{"v":1062.038602521151,"d":"$1,062.04"},{"v":0,"d":"$0.00"},{"v":0,"d":"$0.00"},{"v":0,"d":"$0.00"},{"v":0,"d":"$0.00"},{"v":1062.038602521151,"d":"$1,062.04"}]
[4,null,"Mobilization Costs",1,"LS",{"v":0,"d":"0%"},{"v":1,"d":"1.00"},{"$f":"2.35%*$Q$12/I15","v":{"v":34.888597572197284,"d":"34.889"}},{"v":84.16,"d":"$84.16"},{"v":34.888597572197284,"d":"34.89"},{"v":2936.224371676123,"d":"$2,936.22"},{"v":0,"d":"$0.00"},{"v":0,"d":"$0.00"},{"v":0,"d":"$0.00"},{"v":0,"d":"$0.00"},{"v":2936.224371676123,"d":"$2,936.22"}]
[5,null,"Bond @ 2%",1,"LS",{"v":0,"d":"0%"},{"v":1,"d":"1.00"},{"$f":"2%*$Q$12/I16","v":{"v":29.692423465699814,"d":"29.692"}},{"v":84.16,"d":"$84.16"},{"v":29.692423465699814,"d":"29.69"},{"v":2498.9143588732964,"d":"$2,498.91"},{"v":0,"d":"$0.00"},{"v":0,"d":"$0.00"},{"v":0,"d":"$0.00"},{"v":0,"d":"$0.00"},{"v":2498.9143588732964,"d":"$2,498.91"}]
[6,null,"Temporary Control & Facilities",1,"LS",{"v":0,"d":"0%"},{"v":1,"d":"1.00"},{"$f":"0.98%*$Q$12/I17","v":{"v":14.549287498192909,"d":"14.549"}},{"v":84.16,"d":"$84.16"},{"v":14.549287498192909,"d":"14.55"},{"v":1224.4680358479152,"d":"$1,224.47"},{"v":0,"d":"$0.00"},{"v":0,"d":"$0.00"},{"v":0,"d":"$0.00"},{"v":0,"d":"$0.00"},{"v":1224.4680358479152,"d":"$1,224.47"}]
[7,null,"Scaffolding",1,"LS",{"v":0,"d":"0%"},{"v":1,"d":"1.00"},{"$f":"1.5%*$Q$12/I18","v":{"v":22.26931759927486,"d":"22.269"}},{"v":84.16,"d":"$84.16"},{"v":22.26931759927486,"d":"22.27"},{"v":1874.1857691549721,"d":"$1,874.19"},{"v":0,"d":"$0.00"},{"v":0,"d":"$0.00"},{"v":0,"d":"$0.00"},{"v":0,"d":"$0.00"},{"v":1874.1857691549721,"d":"$1,874.19"}]
[{"$f":"IF(E19=0,\"\",1+MAX(#REF!))","v":""},{"$nulls":13},"SUBTOTAL",{"$f":"SUM(P12:P18)","v":{"v":14781.078432735549,"d":"$14,781.08"}}]
[{"$f":"IF(E20=0,\"\",1+MAX(A19:A19))","v":""}]
[{"$f":"IF(E21=0,\"\",1+MAX(A19:A20))","v":""},"33. UTILITIES"]
[{"$f":"IF(E22=0,\"\",1+MAX(A19:A21))","v":""},null,"Manhole / Inlet Grate"]
[{"$f":"IF(D23=0,\"\",1+MAX(A$12:A22))","v":8},"C-10","Fire Hydrant",{"v":1,"d":"1.00"},"EA",{"v":0,"d":"0%"},{"$f":"(F23*D23)+D23","v":{"v":1,"d":"1.00"}},{"v":43.0125,"d":"43.01"},{"v":77.19,"d":"$77.19"},{"$f":"H23*G23","v":{"v":43.0125,"d":"43.01"}},{"$f":"I23*J23","v":{"v":3320.134875,"d":"$3,320.13"}},{"v":15455.108125,"d":"$15,455.11"},{"$f":"L23*G23","v":{"v":15455.108125,"d":"$15,455.11"}},{"v":0,"d":"$0.00"},{"$f":"N23*G23","v":{"v":0,"d":"$0.00"}},{"$f":"IF(D23=\"\",\"\",(K23+M23+O23))","v":{"v":18775.243000000002,"d":"$18,775.24"}}]
[{"$f":"IF(D24=0,\"\",1+MAX(A$12:A23))","v":9},null,"18'' ADS In-Line Drain",{"v":1,"d":"1.00"},"EA",{"v":0,"d":"0%"},{"v":1,"d":"1.00"},{"v":8.226857500000001,"d":"8.23"},{"v":77.19,"d":"$77.19"},{"v":8.226857500000001,"d":"8.23"},{"v":635.0311304250001,"d":"$635.03"},{"v":813.079625,"d":"$813.08"},{"v":813.079625,"d":"$813.08"},{"v":0,"d":"$0.00"},{"v":0,"d":"$0.00"},{"v":1448.1107554250002,"d":"$1,448.11"}]
[{"$f":"IF(D25=0,\"\",1+MAX(A$12:A24))","v":10},null,"Type C Inlet",{"v":1,"d":"1.00"},"EA",{"v":0,"d":"0%"},{"v":1,"d":"1.00"},{"v":36.658120000000004,"d":"36.66"},{"v":77.19,"d":"$77.19"},{"v":36.658120000000004,"d":"36.66"},{"v":2829.6402828,"d":"$2,829.64"},{"v":3257.76675,"d":"$3,257.77"},{"v":3257.76675,"d":"$3,257.77"},{"v":0,"d":"$0.00"},{"v":0,"d":"$0.00"},{"v":6087.4070328,"d":"$6,087.41"}]
[{"$f":"IF(D26=0,\"\",1+MAX(A$12:A25))","v":11},null,"M-4 Manhole (4' Dia)",{"v":1,"d":"1.00"},"EA",{"v":0,"d":"0%"},{"v":1,"d":"1.00"},{"v":54.25883500000001,"d":"54.26"},{"v":77.19,"d":"$77.19"},{"v":54.25883500000001,"d":"54.26"},{"v":4188.239473650001,"d":"$4,188.24"},{"v":5266.4505,"d":"$5,266.45"},{"v":5266.4505,"d":"$5,266.45"},{"v":0,"d":"$0.00"},{"v":0,"d":"$0.00"},{"v":9454.689973650002,"d":"$9,454.69"}]
[{"$f":"IF(D27=0,\"\",1+MAX(A$12:A26))","v":12},null,"Sanitary Manhole",{"v":2,"d":"2.00"},"EA",{"v":0,"d":"0%"},{"v":2,"d":"2.00"},{"v":54.25883500000001,"d":"54.26"},{"v":77.19,"d":"$77.19"},{"v":108.51767000000002,"d":"108.52"},{"v":8376.478947300002,"d":"$8,376.48"},{"v":5266.4505,"d":"$5,266.45"},{"v":10532.901,"d":"$10,532.90"},{"v":0,"d":"$0.00"},{"v":0,"d":"$0.00"},{"v":18909.379947300004,"d":"$18,909.38"}]
[{"$f":"IF(D28=0,\"\",1+MAX(A$12:A27))","v":""},null,"Conduits"]
[{"$f":"IF(D29=0,\"\",1+MAX(A$12:A28))","v":13},null,"4'' PVC Electrical Conduit",123.34,"LF",{"v":0.1,"d":"10%"},{"v":135.674,"d":"135.67"},{"v":0.21275000000000002,"d":"0.21"},{"v":77.19,"d":"$77.19"},{"v":28.864643500000003,"d":"28.86"},{"v":2228.061831765,"d":"$2,228.06"},{"v":11.026,"d":"$11.03"},{"v":1495.941524,"d":"$1,495.94"},{"v":0,"d":"$0.00"},{"v":0,"d":"$0.00"},{"v":3724.0033557650004,"d":"$3,724.00"}]
[{"$f":"IF(D30=0,\"\",1+MAX(A$12:A29))","v":14},null,"4'' PVC Telecom Conduit",130.83,"LF",{"v":0.1,"d":"10%"},{"v":143.913,"d":"143.91"},{"v":0.21275000000000002,"d":"0.21"},{"v":77.19,"d":"$77.19"},{"v":30.617490750000005,"d":"30.62"},{"v":2363.3641109925,"d":"$2,363.36"},{"v":11.026,"d":"$11.03"},{"v":1586.784738,"d":"$1,586.78"},{"v":0,"d":"$0.00"},{"v":0,"d":"$0.00"},{"v":3950.1488489925005,"d":"$3,950.15"}]
[{"$f":"IF(D31=0,\"\",1+MAX(A$12:A30))","v":""},null,"Storm Pipes"]
[{"$f":"IF(D32=0,\"\",1+MAX(A$12:A31))","v":15},null,"6'' PVC Roof Drain",63.69,"LF",{"v":0.1,"d":"10%"},{"$f":"(F32*D32)+D32","v":{"v":70.059,"d":"70.06"}},{"v":0.27861,"d":"0.28"},{"v":77.19,"d":"$77.19"},{"$f":"H32*G32","v":{"v":19.51913799,"d":"19.52"}},{"$f":"I32*J32","v":{"v":1506.6822614481,"d":"$1,506.68"}},{"v":18.4815,"d":"$18.48"},{"$f":"L32*G32","v":{"v":1294.7954085,"d":"$1,294.80"}},{"v":0,"d":"$0.00"},{"$f":"N32*G32","v":{"v":0,"d":"$0.00"}},{"$f":"IF(D32=\"\",\"\",(K32+M32+O32))","v":{"v":2801.4776699481,"d":"$2,801.48"}}]
[{"$f":"IF(D33=0,\"\",1+MAX(A$12:A32))","v":16},null,"Excavation",{"$f":"64*1.5*3/27","v":{"v":10.666666666666666,"d":"10.67"}},"CY",{"v":0.1,"d":"10%"},{"v":11.733333333333333,"d":"11.73"},{"v":0.5991708770566135,"d":"0.60"},{"v":77.19,"d":"$77.19"},{"v":7.030271624130932,"d":"7.03"},{"v":542.6666666666666,"d":"$542.67"},null,{"v":0,"d":"$0.00"},{"v":0,"d":"$0.00"},{"v":0,"d":"$0.00"},{"v":542.6666666666666,"d":"$542.67"}]
[{"$f":"IF(D34=0,\"\",1+MAX(A$12:A33))","v":17},null,"Backfill",{"v":10.2,"d":"10.20"},"CY",{"v":0.1,"d":"10%"},{"v":11.219999999999999,"d":"11.22"},{"v":0.4314030314807618,"d":"0.43"},{"v":77.19,"d":"$77.19"},{"v":4.840342013214147,"d":"4.84"},{"v":373.626,"d":"$373.63"},null,{"v":0,"d":"$0.00"},{"v":0,"d":"$0.00"},{"v":0,"d":"$0.00"},{"v":373.626,"d":"$373.63"}]
[{"$f":"IF(D35=0,\"\",1+MAX(A$12:A34))","v":""}]
[{"$f":"IF(D36=0,\"\",1+MAX(A$12:A35))","v":18},null,"15'' HDPE Pipe",82.15,"LF",{"v":0.1,"d":"10%"},{"$f":"(F36*D36)+D36","v":{"v":90.36500000000001,"d":"90.37"}},{"v":0.6965250000000001,"d":"0.70"},{"v":77.19,"d":"$77.19"},{"$f":"H36*G36","v":{"v":62.94148162500001,"d":"62.94"}},{"$f":"I36*J36","v":{"v":4858.45296663375,"d":"$4,858.45"}},{"v":33.041000000000004,"d":"$33.04"},{"$f":"L36*G36","v":{"v":2985.7499650000004,"d":"$2,985.75"}},{"v":0,"d":"$0.00"},{"$f":"N36*G36","v":{"v":0,"d":"$0.00"}},{"$f":"IF(D36=\"\",\"\",(K36+M36+O36))","v":{"v":7844.20293163375,"d":"$7,844.20"}}]
[{"$f":"IF(D37=0,\"\",1+MAX(A$12:A36))","v":19},null,"Excavation",{"$f":"82*3*5/27","v":{"v":45.55555555555556,"d":"45.56"}},"CY",{"v":0.1,"d":"10%"},{"v":50.111111111111114,"d":"50.11"},{"v":0.5991708770566135,"d":"0.60"},{"v":77.19,"d":"$77.19"},{"v":30.025118394725858,"d":"30.03"},{"v":2317.638888888889,"d":"$2,317.64"},null,{"v":0,"d":"$0.00"},{"v":0,"d":"$0.00"},{"v":0,"d":"$0.00"},{"v":2317.638888888889,"d":"$2,317.64"}]
[{"$f":"IF(D38=0,\"\",1+MAX(A$12:A37))","v":20},null,"Backfill",41.83,"CY",{"v":0.1,"d":"10%"},{"v":46.013,"d":"46.01"},{"v":0.4314030314807618,"d":"0.43"},{"v":77.19,"d":"$77.19"},{"v":19.85014768752429,"d":"19.85"},{"v":1532.2329,"d":"$1,532.23"},null,{"v":0,"d":"$0.00"},{"v":0,"d":"$0.00"},{"v":0,"d":"$0.00"},{"v":1532.2329,"d":"$1,532.23"}]
[{"$f":"IF(D39=0,\"\",1+MAX(A$12:A38))","v":""}]
[{"$f":"IF(D40=0,\"\",1+MAX(A$12:A39))","v":""},null,"Sanitary Pipes"]
[{"$f":"IF(D41=0,\"\",1+MAX(A$12:A40))","v":21},null,"8'' PVC San Main Line",57.27,"LF",{"v":0.1,"d":"10%"},{"$f":"(F41*D41)+D41","v":{"v":62.997,"d":"63.00"}},{"v":0.37148000000000003,"d":"0.37"},{"v":77.19,"d":"$77.19"},{"$f":"H41*G41","v":{"v":23.40212556,"d":"23.40"}},{"$f":"I41*J41","v":{"v":1806.4100719764,"d":"$1,806.41"}},{"v":30.192000000000004,"d":"$30.19"},{"$f":"L41*G41","v":{"v":1902.0054240000002,"d":"$1,902.01"}},{"v":0,"d":"$0.00"},{"$f":"N41*G41","v":{"v":0,"d":"$0.00"}},{"$f":"IF(D41=\"\",\"\",(K41+M41+O41))","v":{"v":3708.4154959764,"d":"$3,708.42"}}]
[{"$f":"IF(D42=0,\"\",1+MAX(A$12:A41))","v":22},null,"Excavation",{"$f":"57*2*3/27","v":{"v":12.666666666666666,"d":"12.67"}},"CY",{"v":0.1,"d":"10%"},{"v":13.933333333333334,"d":"13.93"},{"v":0.5991708770566135,"d":"0.60"},{"v":77.19,"d":"$77.19"},{"v":8.348447553655483,"d":"8.35"},{"v":644.4166666666666,"d":"$644.42"},null,{"v":0,"d":"$0.00"},{"v":0,"d":"$0.00"},{"v":0,"d":"$0.00"},{"v":644.4166666666666,"d":"$644.42"}]
[{"$f":"IF(D43=0,\"\",1+MAX(A$12:A42))","v":23},null,"Backfill",{"v":12.616007999999999,"d":"12.62"},"CY",{"v":0.1,"d":"10%"},{"v":13.877608799999999,"d":"13.88"},{"v":0.4314030314807618,"d":"0.43"},{"v":77.19,"d":"$77.19"},{"v":5.986842506024097,"d":"5.99"},{"v":462.12437304,"d":"$462.12"},null,{"v":0,"d":"$0.00"},{"v":0,"d":"$0.00"},{"v":0,"d":"$0.00"},{"v":462.12437304,"d":"$462.12"}]
[{"$f":"IF(D44=0,\"\",1+MAX(A$12:A43))","v":""}]
[{"$f":"IF(D45=0,\"\",1+MAX(A$12:A44))","v":24},null,"8'' PVC Pipe",4.02,"LF",{"v":0.1,"d":"10%"},{"$f":"(F45*D45)+D45","v":{"v":4.422,"d":"4.42"}},{"v":0.37148000000000003,"d":"0.37"},{"v":77.19,"d":"$77.19"},{"$f":"H45*G45","v":{"v":1.64268456,"d":"1.64"}},{"$f":"I45*J45","v":{"v":126.79882118639999,"d":"$126.80"}},{"v":24.938000000000002,"d":"$24.94"},{"$f":"L45*G45","v":{"v":110.275836,"d":"$110.28"}},{"v":0,"d":"$0.00"},{"$f":"N45*G45","v":{"v":0,"d":"$0.00"}},{"$f":"IF(D45=\"\",\"\",(K45+M45+O45))","v":{"v":237.07465718639997,"d":"$237.07"}}]
[{"$f":"IF(D46=0,\"\",1+MAX(A$12:A45))","v":25},null,"Excavation",{"$f":"4*2*3/27","v":{"v":0.8888888888888888,"d":"0.89"}},"CY",{"v":0.1,"d":"10%"},{"v":0.9777777777777777,"d":"0.98"},{"v":0.5991708770566135,"d":"0.60"},{"v":77.19,"d":"$77.19"},{"v":0.5858559686775776,"d":"0.59"},{"v":45.222222222222214,"d":"$45.22"},null,{"v":0,"d":"$0.00"},{"v":0,"d":"$0.00"},{"v":0,"d":"$0.00"},{"v":45.222222222222214,"d":"$45.22"}]
[{"$f":"IF(D47=0,\"\",1+MAX(A$12:A46))","v":26},null,"Backfill",{"v":0.8382,"d":"0.84"},"CY",{"v":0.1,"d":"10%"},{"v":0.92202,"d":"0.92"},{"v":0.4314030314807618,"d":"0.43"},{"v":77.19,"d":"$77.19"},{"v":0.397762223085892,"d":"0.40"},{"v":30.703266000000003,"d":"$30.70"},null,{"v":0,"d":"$0.00"},{"v":0,"d":"$0.00"},{"v":0,"d":"$0.00"},{"v":30.703266000000003,"d":"$30.70"}]
[{"$f":"IF(D48=0,\"\",1+MAX(A$12:A47))","v":""}]
[{"$f":"IF(D49=0,\"\",1+MAX(A$12:A48))","v":27},null,"6'' PVC C-900 San. Lateral ",123.51,"LF",{"v":0.1,"d":"10%"},{"$f":"(F49*D49)+D49","v":{"v":135.86100000000002,"d":"135.86"}},{"v":0.27861,"d":"0.28"},{"v":77.19,"d":"$77.19"},{"$f":"H49*G49","v":{"v":37.85223321000001,"d":"37.85"}},{"$f":"I49*J49","v":{"v":2921.8138814799004,"d":"$2,921.81"}},{"v":19.943,"d":"$19.94"},{"$f":"L49*G49","v":{"v":2709.4759230000004,"d":"$2,709.48"}},{"v":0,"d":"$0.00"},{"$f":"N49*G49","v":{"v":0,"d":"$0.00"}},{"$f":"IF(D49=\"\",\"\",(K49+M49+O49))","v":{"v":5631.2898044799,"d":"$5,631.29"}}]
[{"$f":"IF(D50=0,\"\",1+MAX(A$12:A49))","v":28},null,"Excavation",{"$f":"124*1.5*3/27","v":{"v":20.666666666666668,"d":"20.67"}},"CY",{"v":0.1,"d":"10%"},{"v":22.733333333333334,"d":"22.73"},{"v":0.5991708770566135,"d":"0.60"},{"v":77.19,"d":"$77.19"},{"v":13.621151271753682,"d":"13.62"},{"v":1051.4166666666667,"d":"$1,051.42"},null,{"v":0,"d":"$0.00"},{"v":0,"d":"$0.00"},{"v":0,"d":"$0.00"},{"v":1051.4166666666667,"d":"$1,051.42"}]
[{"$f":"IF(D51=0,\"\",1+MAX(A$12:A50))","v":29},null,"Backfill",{"v":19.76537037037037,"d":"19.77"},"CY",{"v":0.1,"d":"10%"},{"v":21.741907407407407,"d":"21.74"},{"v":0.4314030314807618,"d":"0.43"},{"v":77.19,"d":"$77.19"},{"v":9.379524765729586,"d":"9.38"},{"v":724.0055166666667,"d":"$724.01"},null,{"v":0,"d":"$0.00"},{"v":0,"d":"$0.00"},{"v":0,"d":"$0.00"},{"v":724.0055166666667,"d":"$724.01"}]
[{"$f":"IF(D52=0,\"\",1+MAX(A$12:A51))","v":""},null,"Fittings"]
[{"$f":"IF(D53=0,\"\",1+MAX(A$12:A52))","v":30},null,"6'' San Sewer Connection",{"v":2,"d":"2.00"},"EA",{"v":0,"d":"0%"},{"$f":"(F53*D53)+D53","v":{"v":2,"d":"2.00"}},{"v":6.351512499999999,"d":"6.35"},{"v":77.19,"d":"$77.19"},{"$f":"H53*G53","v":{"v":12.703024999999998,"d":"12.70"}},{"$f":"I53*J53","v":{"v":980.5464997499998,"d":"$980.55"}},{"v":423.95987499999995,"d":"$423.96"},{"$f":"L53*G53","v":{"v":847.9197499999999,"d":"$847.92"}},{"v":0,"d":"$0.00"},{"$f":"N53*G53","v":{"v":0,"d":"$0.00"}},{"$f":"IF(D53=\"\",\"\",(K53+M53+O53))","v":{"v":1828.4662497499999,"d":"$1,828.47"}}]
[{"$f":"IF(D54=0,\"\",1+MAX(A$12:A53))","v":31},null,"4'' PVC Telecom Connection",{"v":2,"d":"2.00"},"EA",{"v":0,"d":"0%"},{"$f":"(F54*D54)+D54","v":{"v":2,"d":"2.00"}},{"v":5.72353,"d":"5.72"},{"v":77.19,"d":"$77.19"},{"$f":"H54*G54","v":{"v":11.44706,"d":"11.45"}},{"$f":"I54*J54","v":{"v":883.5985614,"d":"$883.60"}},{"v":345.96387500000003,"d":"$345.96"},{"$f":"L54*G54","v":{"v":691.9277500000001,"d":"$691.93"}},{"v":0,"d":"$0.00"},{"$f":"N54*G54","v":{"v":0,"d":"$0.00"}},{"$f":"IF(D54=\"\",\"\",(K54+M54+O54))","v":{"v":1575.5263114,"d":"$1,575.53"}}]
[{"$f":"IF(D55=0,\"\",1+MAX(A$12:A54))","v":32},null,"15''x6'' Tee",{"v":1,"d":"1.00"},"EA",{"v":0,"d":"0%"},{"$f":"(F55*D55)+D55","v":{"v":1,"d":"1.00"}},{"v":15.690960000000002,"d":"15.69"},{"v":77.19,"d":"$77.19"},{"$f":"H55*G55","v":{"v":15.690960000000002,"d":"15.69"}},{"$f":"I55*J55","v":{"v":1211.1852024000002,"d":"$1,211.19"}},{"v":1686.2907250000003,"d":"$1,686.29"},{"$f":"L55*G55","v":{"v":1686.2907250000003,"d":"$1,686.29"}},{"v":0,"d":"$0.00"},{"$f":"N55*G55","v":{"v":0,"d":"$0.00"}},{"$f":"IF(D55=\"\",\"\",(K55+M55+O55))","v":{"v":2897.4759274000007,"d":"$2,897.48"}}]
[{"$f":"IF(D56=0,\"\",1+MAX(A$12:A55))","v":33},null,"6'' PVC Roof Drain Connection",{"v":2,"d":"2.00"},"EA",{"v":0,"d":"0%"},{"$f":"(F56*D56)+D56","v":{"v":2,"d":"2.00"}},{"v":5.304875000000001,"d":"5.30"},{"v":77.19,"d":"$77.19"},{"$f":"H56*G56","v":{"v":10.609750000000002,"d":"10.61"}},{"$f":"I56*J56","v":{"v":818.9666025000001,"d":"$818.97"}},{"v":332.199875,"d":"$332.20"},{"$f":"L56*G56","v":{"v":664.39975,"d":"$664.40"}},{"v":0,"d":"$0.00"},{"$f":"N56*G56","v":{"v":0,"d":"$0.00"}},{"$f":"IF(D56=\"\",\"\",(K56+M56+O56))","v":{"v":1483.3663525000002,"d":"$1,483.37"}}]
[{"$f":"IF(D57=0,\"\",1+MAX(A$12:A56))","v":""},null,"Exfiltration Trench"]
[{"$f":"IF(D58=0,\"\",1+MAX(A$12:A57))","v":34},null,"Exfiltration Trench",58.21,"LF",{"v":0.1,"d":"10%"},{"$f":"(F58*D58)+D58","v":{"v":64.031,"d":"64.03"}},{"v":0.6993,"d":"0.70"},{"v":77.19,"d":"$77.19"},{"$f":"H58*G58","v":{"v":44.77687830000001,"d":"44.78"}},{"$f":"I58*J58","v":{"v":3456.3272359770003,"d":"$3,456.33"}},{"v":30.5065,"d":"$30.51"},{"$f":"L58*G58","v":{"v":1953.3617015000002,"d":"$1,953.36"}},{"v":0,"d":"$0.00"},{"$f":"N58*G58","v":{"v":0,"d":"$0.00"}},{"$f":"IF(D58=\"\",\"\",(K58+M58+O58))","v":{"v":5409.688937477001,"d":"$5,409.69"}}]
[{"$f":"IF(D59=0,\"\",1+MAX(A$12:A58))","v":35},null,"Excavation",{"$f":"13.15*3.5*58/27","v":{"v":98.86851851851851,"d":"98.87"}},"CY",{"v":0.1,"d":"10%"},{"v":108.75537037037037,"d":"108.76"},{"v":0.5991708770566135,"d":"0.60"},{"v":77.19,"d":"$77.19"},{"v":65.16305064943165,"d":"65.16"},{"v":5029.935879629629,"d":"$5,029.94"},null,{"v":0,"d":"$0.00"},{"v":0,"d":"$0.00"},{"v":0,"d":"$0.00"},{"v":5029.935879629629,"d":"$5,029.94"}]
[{"$f":"IF(D60=0,\"\",1+MAX(A$12:A59))","v":36},null,"Backfill",{"v":95.14296296296295,"d":"95.14"},"CY",{"v":0.1,"d":"10%"},{"v":104.65725925925925,"d":"104.66"},{"v":0.4314030314807618,"d":"0.43"},{"v":77.19,"d":"$77.19"},{"v":45.149458910912465,"d":"45.15"},{"v":3485.086733333333,"d":"$3,485.09"},null,{"v":0,"d":"$0.00"},{"v":0,"d":"$0.00"},{"v":0,"d":"$0.00"},{"v":3485.086733333333,"d":"$3,485.09"}]
[{"$f":"IF(D61=0,\"\",1+MAX(A$12:A60))","v":""},null,"Catch Basin / Cleanout"]
[{"$f":"IF(D62=0,\"\",1+MAX(A$12:A61))","v":37},null,"Catch Basin",{"v":2,"d":"2.00"},"EA",{"v":0,"d":"0%"},{"$f":"(F62*D62)+D62","v":{"v":2,"d":"2.00"}},{"v":22.79089,"d":"22.79"},{"v":77.19,"d":"$77.19"},{"$f":"H62*G62","v":{"v":45.58178,"d":"45.58"}},{"$f":"I62*J62","v":{"v":3518.4575982,"d":"$3,518.46"}},{"v":1916.7517000000005,"d":"$1,916.75"},{"$f":"L62*G62","v":{"v":3833.503400000001,"d":"$3,833.50"}},{"v":0,"d":"$0.00"},{"$f":"N62*G62","v":{"v":0,"d":"$0.00"}},{"$f":"IF(D62=\"\",\"\",(K62+M62+O62))","v":{"v":7351.960998200001,"d":"$7,351.96"}}]
[{"$f":"IF(D63=0,\"\",1+MAX(A$12:A62))","v":38},null,"6'' PVC Clean Out",{"v":5,"d":"5.00"},"EA",{"v":0,"d":"0%"},{"$f":"(F63*D63)+D63","v":{"v":5,"d":"5.00"}},{"v":7.98312,"d":"7.98"},{"v":77.19,"d":"$77.19"},{"$f":"H63*G63","v":{"v":39.915600000000005,"d":"39.92"}},{"$f":"I63*J63","v":{"v":3081.085164,"d":"$3,081.09"}},{"v":501.52575,"d":"$501.53"},{"$f":"L63*G63","v":{"v":2507.62875,"d":"$2,507.63"}},{"v":0,"d":"$0.00"},{"$f":"N63*G63","v":{"v":0,"d":"$0.00"}},{"$f":"IF(D63=\"\",\"\",(K63+M63+O63))","v":{"v":5588.713914,"d":"$5,588.71"}}]
[{"$f":"IF(E64=0,\"\",1+MAX(A34:A63))","v":""},{"$nulls":13},"SUBTOTAL",{"$f":"SUM(P22:P63)","v":{"v":124945.71794366481,"d":"$124,945.72"}}]
[]
["PROJECTED COST",{"$nulls":14},{"$f":"SUM(P11:P65)/2","v":{"v":139726.79637640034,"d":"$139,727"}}]
["OVERHEAD AND PROFIT",{"$nulls":13},{"v":0.2,"d":"20%"},{"$f":"$P$66*O67","v":{"v":27945.35927528007,"d":"$27,945"}}]
["INSURANCE",{"$nulls":13},{"v":0.03,"d":"3%"},{"$f":"$P$66*O68","v":{"v":4191.80389129201,"d":"$4,192"}}]
["CONTINGENCY",{"$nulls":13},{"v":0.05,"d":"5%"},{"$f":"$P$66*O69","v":{"v":6986.339818820017,"d":"$6,986"}}]
["SUGGESTED BID",{"$nulls":14},{"$f":"SUM(P66:P69)","v":{"v":178850.29936179242,"d":"$178,850"}}]
["NOTES:"]
[null,"General Notes: The prices used while preparing the estimate were taken from RSMeans online i.e. the standard pricing. So, it is preferred to review the prices."]
[]
[null,null,"Note",{"$nulls":9},"Legend"]
[null,1,"The drawings are scaled as per the mentioned scales on the plans.",{"$nulls":9},"LBS = Pound "]
[{"$nulls":12},"SF= Square Feet"]
[{"$nulls":12},"LF = Linear Feet"]
[{"$nulls":12},"EA = Each"]
[{"$nulls":12},"CY = Cubic Yard"]
[{"$nulls":12},"SY = Square Yard"]
[{"$nulls":12},"LOC = Location"]
[{"$nulls":12},"LS = Lum Sum"]